Music Quiz

Random Music or Billboard Quiz
Score 0/100 Timer 10:00
0 Plays Today
Song Artist % Correct
9 To 5Dolly Parton
92.7%
Another One Bites The DustQueen
89.2%
RaptureBlondie
88.8%
The Tide Is HighBlondie
88.8%
De Do Do Do, De Da Da DaThe Police
87.1%
Don't Stand So Close To MeThe Police
87.1%
Endless LoveLionel Richie & Diana Ross
86.6%
Jessie's GirlRick Springfield
84.6%
Bette Davis EyesKim Carnes
82.6%
Kiss On My ListHall & Oates
80.4%
You Make My DreamsHall & Oates
80.4%
You've Lost That Lovin' FeelingHall & Oates
80.4%
Hit Me With Your Best ShotPat Benatar
80.4%
Treat Me RightPat Benatar
80.4%
CelebrationKool & The Gang
79.5%
(Just Like) Starting OverJohn Lennon
78.6%
WomanJohn Lennon
78.6%
Watching The WheelsJohn Lennon
78.6%
Keep On Loving YouREO Speedwagon
77.2%
Take It On The RunREO Speedwagon
77.2%
It's My TurnDiana Ross
74.2%
I'm Coming OutDiana Ross
74.2%
Whip ItDevo
73.8%
LadyKenny Rogers
73.7%
I Don't Need YouKenny Rogers
73.7%
Morning Train (Nine To Five)Sheena Easton
73.5%
For Your Eyes OnlySheena Easton
73.5%
Modern GirlSheena Easton
73.5%
Hungry HeartBruce Springsteen
69.8%
UrgentForeigner
69.1%
Stop Draggin' My Heart AroundStevie Nicks & Tom Petty
67.2%
Love On The RocksNeil Diamond
66.7%
AmericaNeil Diamond
66.7%
Hello AgainNeil Diamond
66.7%
Song Artist % Correct
Queen of HeartsJuice Newton
65.5%
Angel of the MorningJuice Newton
65.5%
The Best of TimesStyx
64.8%
Too Much Time On My HandsStyx
64.8%
Arthur's ThemeChristopher Cross
64.6%
The Winner Takes It AllABBA
60.1%
I Love A Rainy NightEddie Rabbitt
59.5%
Step By StepEddie Rabbitt
59.5%
GuiltyBarbra Streisand & Barry Gibb
58.9%
What Kind Of FoolBarbra Streisand & Barry Gibb
58.9%
Slow HandThe Pointer Sisters
58.6%
Woman In LoveBarbra Streisand
55.9%
Every Woman In The WorldAir Supply
54.8%
The One That You LoveAir Supply
54.8%
Master Blaster (Jammin')Stevie Wonder
54.4%
I Ain't Gonna Stand For ItStevie Wonder
54.4%
Who's Crying NowJourney
53.6%
ElviraOak Ridge Boys
52.4%
The StrokeBilly Squier
51%
Hey NineteenSteely Dan
48.7%
Lady (You Bring Me Up)Commodores
47.3%
All Those Years AgoGeorge Harrison
46.8%
I Can't Stand ItEric Clapton
46.2%
SuddenlyOlivia Newton-John & Cliff Richard
41.1%
PassionRod Stewart
39.4%
Being With YouSmokey Robinson
39.1%
While You See A ChanceSteve Winwood
36.2%
I Made It Through The RainBarry Manilow
35.5%
Same Old Lang SyneDan Fogelberg
34.7%
Just The Two of UsGrover Washington Jr. & Bill Withers
34.7%
Ain't Even Done With The NightJohn Cougar Mellencamp
34.3%
The Breakup Song (They Don't Write 'Em)The Greg Kihn Band
33.8%
Boy From New York CityManhattan Transfer
33.1%
(There's) No Gettin' Over MeRonnie Milsap
30.5%
Song Artist % Correct
Smoky Mountain RainRonnie Milsap
30.5%
Time Is TimeAndy Gibb
30.4%
Tell It Like It IsHeart
30.3%
More Than I Can SayLeo Sayer
30.3%
TimeThe Alan Parsons Project
28.9%
Games People PlayThe Alan Parsons Project
28.9%
Hold On TightElectric Light Orchestra
28.8%
Theme From 'Greatest American Hero' (Believe It Or Not)Joey Scarbury
27.7%
Feels So RightAlabama
26.7%
MedleyStars On 45
26.7%
SukiyakiA Taste of Honey
22.5%
A Woman Needs LoveRay Parker Jr. & Raydio
21.7%
Seven Year AcheRosanne Cash
21.6%
The _____ ____ MedleyThe Beach Boys
20.9%
WinningSantana
20.1%
Living Inside MyselfGino Vannelli
19.6%
A Little In LoveCliff Richard
19.1%
CryingDon McLean
18.2%
Miss SunBoz Scaggs
14.8%
HeartsMarty Balin
14.6%
Somebody's KnockingTerri Gibbs
14.3%
This Little GirlGary US Bonds
13.4%
I Love YouClimax Blues Band
12.7%
How 'Bout UsChampaign
12.5%
Giving It Up For Your LoveDelbert McClinton
10.8%
What Are We Doin' In LoveDottie West
10.3%
SweetheartFranke & The Knockouts
9.9%
Cool LovePablo Cruise
9.3%
It's Now Or NeverJohn Schneider
8.1%
Really Wanna Know YouGary Wright
7.5%
Sweet BabyStanley Clarke & George Duke
6.6%
TogetherTierra
6.5%

You're not logged in!

Compare scores with friends on all Sporcle quizzes.
OR
Log In

Sporcle TV

Today on Sporcle TV


Watch our educational content, quiz creation guides, and fun videos on Sporcle TV.

Show Comments

Extras

Top Quizzes Today


Score Distribution

Paid Content

Your Account Isn't Verified!

In order to create a playlist on Sporcle, you need to verify the email address you used during registration. Go to your Sporcle Settings to finish the process.

Report this User

Report this user for behavior that violates our Community Guidelines.

Details: